Le Tierts Monde et la crise de l'environnement (Record no. 44110)
[ view plain ]
| 000 -LEADER | |
|---|---|
| fixed length control field | 00545 a2200229 4500 |
| 037 ## - SOURCE OF ACQUISITION | |
| Stock number | DE 5485 |
| 100 ## - VEDETTE PRINCIPALE - NOM DE PERSONNE | |
| Personal name | Laulan, Yves |
| 100 ## - VEDETTE PRINCIPALE - NOM DE PERSONNE | |
| Language of a work | Fr |
| 260 ## - PUBLICATION, DISTRIBUTION, ETC. (IMPRINT) | |
| Place of publication, distribution, etc | paris |
| 260 ## - PUBLICATION, DISTRIBUTION, ETC. (IMPRINT) | |
| Name of publisher, distributor, etc | Presses Universitaires de France |
| 245 ## - TITLE STATEMENT | |
| Title | Le Tierts Monde et la crise de l'environnement |
| 260 ## - PUBLICATION, DISTRIBUTION, ETC. (IMPRINT) | |
| Date of publication, distribution, etc | 1974 |
| 300 ## - PHYSICAL DESCRIPTION | |
| Extent | 143p. |
| 300 ## - PHYSICAL DESCRIPTION | |
| Other physical details | 18cm |
| 440 ## - SERIES STATEMENT/ADDED ENTRY--TITLE | |
| Number of part/section of a work | 41 |
| 440 ## - SERIES STATEMENT/ADDED ENTRY--TITLE | |
| Title | SUP |
| 630 ## - SUBJECT ADDED ENTRY--UNIFORM TITLE | |
| Uniform title | 33 - Economie - economie politique |
| 650 ## - SUBJECT ADDED ENTRY--TOPICAL TERM | |
| Topical term or geographic name as entry element | 3 - SCIENCES SOCIALES |
| 650 ## - SUBJECT ADDED ENTRY--TOPICAL TERM | |
| Topical term or geographic name as entry element | Tiers Monde : environnement : économie |
| Withdrawn status | Lost status | Damaged status | Not for loan | Location (home branch) | Sublocation or collection (holding branch) | Date acquired | Koha issues (times borrowed) | Koha full call number | Koha date last seen | Price effective from | Koha item type |
|---|---|---|---|---|---|---|---|---|---|---|---|
| Bibliothèque Universitaire Centrale | Bibliothèque Universitaire Centrale | 28/02/2009 | 330.16 | 28/02/2009 | 28/02/2009 | Livre |